| 000 | 00691nam a22001457a 4500 | ||
|---|---|---|---|
| 003 | OSt | ||
| 005 | 20160324095956.0 | ||
| 008 | 160324b xxu||||| |||| 00| 0 eng d | ||
| 040 | _cRUA | ||
| 082 | _aAGR HEA 2004 B472 Or.1 | ||
| 100 |
_98179 _aHEANG SOPHAL; ហ៊ាង សុផល |
||
| 245 | _aEffect of hill spacing on radish yield at royal university of agriculture's crop station, ឥទ្ធិពលចន្លោះគុម្ពទៅលើទិន្នផលដំណាំឆៃថាវ នៅស្ថានីយ័ពិសោធន៍សាកលវិទ្យាល័យភូមិន្ទកសិកម្ម | ||
| 300 |
_a45p. _bill. _c29cm. |
||
| 942 |
_2ddc _cAGR |
||
| 999 |
_c7791 _d7791 |
||